000 00635nam a22001811a 4500
005 20110718122842.0
008 090715s1995 cou 001 0 eng d
020 _c0.00
040 _aNEGST Library - Kenya
082 0 _aBS 405.B37 1995
100 1 _aBarker, Kenneth L.
245 1 0 _aAccuracy defined and illustrated: an NIV translator answers your questions /
_cKenneth L. Barker.
260 _aColorado springs :
_bInternational Bible Society,
_c1995.
300 _a160 p.
500 _aIncludes bibliography and index.
600 1 0 _aBible.
_lEnglish
_xVersions
_xNew International.
852 _94.95
999 _c14586
_d14586